000 00745nam a22002057a 4500
999 _c13585
_d13585
003 AR-CdUCM
008 190415b ||||| |||| 00| 0 spa d
040 _aMUNICIPALIDAD PROVINCIAL DEL CUSCO
_cBIBLIOTECA MUNICIPAL DEL CUSCO
082 _aC / 980.05 /
_bT35 / 1972
100 _aTello Palomino, Moisés
_917121
245 _aLa filosofía de la emancipación americana /
260 _aCusco :
_bLos andes,
_c1972.
300 _a26 páginas ,
_c21 cm.
505 _aContenido : Estirpe iluminista de la emancipación americana -- La obra de los Borbones -- La expulsión de los Jesuitas ...
650 _aFilosofía
_9395
650 _aEmancipación
_9260
650 _aAmericana
_924541
942 _2ddc
_cLIBROS
945 _arah
_d15/04/2019